Nová ekonomika a vplyv informačných technológií na ekonomický rast
Vplyv informačných technológií, informačná revolúcia, informačná spoločnosť. Informatizácia spoločnosti. Význam informácií a znalostí v postindustriálnej spoločnosti. Stará ekonomika, nová ekonomika. Vplyv sektora IT na ekonomický rast. Faktory determinujúce rozvoj a efektívnosť sektora IT - národné...
Salvato in:
| Autore principale: | |
|---|---|
| Natura: | Capitolo di libro |
| Lingua: | slovacco |
| Soggetti: | |
| Tags: |
Nessun Tag, puoi essere il primo ad aggiungerne!!
|
MARC
| LEADER | 00000naa$a2200000$$$4500 | ||
|---|---|---|---|
| 001 | 0045351 | ||
| 005 | 20240502071526.5 | ||
| 041 | 0 | |a slo | |
| 044 | |a SK | ||
| 245 | 1 | 0 | |a Nová ekonomika a vplyv informačných technológií na ekonomický rast |c Ivana Černáková |
| 520 | |a Vplyv informačných technológií, informačná revolúcia, informačná spoločnosť. Informatizácia spoločnosti. Význam informácií a znalostí v postindustriálnej spoločnosti. Stará ekonomika, nová ekonomika. Vplyv sektora IT na ekonomický rast. Faktory determinujúce rozvoj a efektívnosť sektora IT - národné bohatsrvo, úroveň miezd a jej rast, infraštruktúra IT, cena/výkonnosť IT sektora. Informačná spoločnosť na Slovensku. | ||
| 610 | 2 | 0 | |a ekonomika nová |
| 610 | 2 | 0 | |a technológie informačné |
| 610 | 2 | 0 | |a technológie komunikačné |
| 610 | 2 | 0 | |a rast hospodársky |
| 610 | 2 | 0 | |a Slovensko |
| 610 | 2 | 0 | |a spoločnosť informačná |
| 610 | 2 | 0 | |a informácie |
| 610 | 2 | 0 | |a vedomosti |
| 100 | 1 | |a Černáková, Ivana | |